Les luttes entre sociétés humaines et leurs phases successives / (Record no. 112692)

MARC details
000 -LEADER
campo de control de longitud fija 00497nam a2200169 4500
001 - NÚMERO DE CONTROL
campo de control 112692
003 - IDENTIFICADOR DE NÚMERO DE CONTROL
campo de control ES-MaACL
005 - FECHA Y HORA DE LA ÚLTIMA TRANSACCIÓN
campo de control 20230906185609.0
007 - CAMPO FIJO DE DESCRIPCIÓN FÍSICA--INFORMACIÓN GENERAL
campo de control de longitud fija t|
008 - DATOS DE LONGITUD FIJA--INFORMACIÓN GENERAL
campo de control de longitud fija 061121s1904 fr r ||||1| fre d
100 1# - ENTRADA PRINCIPAL--NOMBRE DE PERSONA
Nombre de persona Novicow, Jacques (
Fechas asociadas al nombre 1849-1912)
9 (RLIN) 86078
245 14 - MENCIÓN DEL TÍTULO
Título Les luttes entre sociétés humaines et leurs phases successives /
Mención de responsabilidad, etc. par J. Novicow.
250 ## - MENCION DE EDICION
Mención de edición 3e éd. rev.
260 ## - PUBLICACIÓN, DISTRIBUCIÓN, ETC.
Lugar de publicación, distribución, etc. Paris :
Nombre del editor, distribuidor, etc. Félix Alcan,
Fecha de publicación, distribución, etc. 1904.
300 ## - DESCRIPCIÓN FÍSICA
Extensión 761 p. ;
Dimensiones 23 x 14 cm.
852 ## - LOCALIZACIÓN
Ubicación ES-MaACL
Número de control de estantería B-6896
Holdings
Estatus retirado Estado de pérdida Estado de daño No para préstamo Biblioteca de origen Biblioteca actual Ubicación en estantería Fecha de adquisición Fuente de adquisición Total de préstamos Signatura topográfica completa Código de barras Visto por última vez Precio de reemplazo Tipo de ítem Koha
        Biblioteca del Ateneo de Madrid Biblioteca del Ateneo de Madrid Sala Pardo Bazán 17/01/2008     B-6896 1117549 23/02/2023 23/02/2023 Libro impreso